UBT Library

Forest wildflowers : (Record no. 40980)

000 -LEADER
fixed length control field 00743cam a2200229 a 4500
001 - CONTROL NUMBER
control field 1967650
005 - DATE AND TIME OF LATEST TRANSACTION
control field 20180125091640.0
008 - FIXED-LENGTH DATA ELEMENTS--GENERAL INFORMATION
fixed length control field 891104s1988 mtua b 001 0 eng
010 ## - LIBRARY OF CONGRESS CONTROL NUMBER
LC control number 88080229
020 ## - INTERNATIONAL STANDARD BOOK NUMBER
International Standard Book Number 0937959367
040 ## - CATALOGING SOURCE
Original cataloging agency DLC
Transcribing agency DLC
Modifying agency DLC
041 ## - LANGUAGE CODE
Language code of text/sound track or separate title eng
043 ## - GEOGRAPHIC AREA CODE
Geographic area code nr-----
080 ## - UNIVERSAL DECIMAL CLASSIFICATION NUMBER
Universal Decimal Classification number 582.130978 dee
082 00 - DEWEY DECIMAL CLASSIFICATION NUMBER
Classification number 582.130978 dee
Edition number 20
100 1# - Rafti
Rafti 10
101 ## - Shkurtesa
Shkurtesa mje
245 10 - TITLE STATEMENT
Title Forest wildflowers :
Statement of responsibility, etc photography and text by Dee Strickler ; illustration and graphic design by Zoe Strickler-Wilson.
504 ## - BIBLIOGRAPHY, ETC. NOTE
Bibliography, etc Bibliography: p. 89.
906 ## - LOCAL DATA ELEMENT F, LDF (RLIN)
a 7
b cbc
c orignew
d 3
e opcn
f 19
g y-gencatlg
942 ## - ADDED ENTRY ELEMENTS (KOHA)
Source of classification or shelving scheme
Item type Books
Holdings
Withdrawn status Lost status Source of classification or shelving scheme Damaged status Not for loan Collection code Permanent location Current location Shelving location Date acquired Total Checkouts Full call number Barcode Date last seen Price effective from Koha item type
          Koleksioni i përgjithshem UBT - Lipjan UBT - Lipjan Koleksioni i përgjithshem 01/25/2018   582.130978 dee 002-2996464 01/25/2018 01/25/2018 Books
UBT Library © 2015-2024. All rights reserved University Education for Business and Technology